Getting a job abroad (Record no. 84986)

MARC details
000 -LEADER
fixed length control field 00314pam a2200133 a 4500
020 ## - INTERNATIONAL STANDARD BOOK NUMBER
International Standard Book Number 81-70211069-4
Terms of availability
040 ## - CATALOGING SOURCE
Original cataloging agency RJTN_302004
041 ## - LANGUAGE CODE
Language code of original
100 ## - MAIN ENTRY--PERSONAL NAME
Personal name Jones, Roger
245 ## - TITLE STATEMENT
Title Getting a job abroad
Statement of responsibility, etc. Roger Jones
Medium Paper
250 ## - EDITION STATEMENT
Edition statement 6th ed
260 ## - PUBLICATION, DISTRIBUTION, ETC.
Place of publication, distribution, etc. New Delhi
Name of publisher, distributor, etc. Health Harmony Pub
Date of publication, distribution, etc. 2001
930 ## - EQUIVALENCE OR CROSS-REFERENCE-UNIFORM TITLE HEADING [LOCAL, CANADA]
Uniform title 8077
Holdings
Withdrawn status Lost status Damaged status Not for loan Collection Home library Current library Date acquired Source of acquisition Cost, normal purchase price Total Checkouts Full call number Barcode Date last seen Copy number Price effective from Koha item type
          Yashwantrao Mohite College of Arts, Science And Commerce, Pune Yashwantrao Mohite College of Arts, Science And Commerce, Pune 28/05/2021 Goal Book Agency 200.00   YMP-38170 24/02/2023 1 24/02/2023 Book